[Event "ITA-chT Final 56th"]
[Site "Darfo Boario Terme"]
[Date "2025.04.07"]
[Round "1.36"]
[White "Mirri, Pietro"]
[Black "Cattaneo, Marco"]
[Result "0-1"]
[WhiteElo "2147"]
[BlackElo "2286"]
[PlyCount "138"]
[EventDate "2025.04.07"]
[EventType "team-swiss"]
[EventRounds "9"]
[EventCountry "ITA"]
[SourceTitle "CB16_2025"]
[SourceDate "2025.04.16"]
[SourceVersion "1"]
[SourceVersionDate "2025.04.16"]
[SourceQuality "1"]
[WhiteTeam "Le Due Torri CSB"]
[BlackTeam "Etna Scacchi"]
[WhiteTeamCountry "ITA"]
[BlackTeamCountry "ITA"]

1. d4 Nf6 2. c4 g6 3. Nf3 Bg7 4. g3 d6 5. Bg2 0-0 6. Nc3 Bf5 7. 0-0 Ne4 8. Nh4 Nxc3 9. bxc3 Bc8 10. f4 c5 11. Qd3 cxd4 12. cxd4 Nc6 13. Be3 e5 14. dxe5 dxe5 15. Qxd8 Rxd8 16. f5 e4 17. Rab1 Nd4 18. f6 Bf8 19. Rfd1 Bc5 20. Kf1 Rd6 21. Bxd4 Bxd4 22. Bxe4 Rxf6+ 23. Kg2 Bb6 24. Nf3 Bf5 25. Bxf5 Rxf5 26. Rd7 Re8 27. Rb2 g5 28. g4 Rf4 29. h3 h6 30. Rc2 Rfe4 31. Kf1 Rc8 32. Rxb7 Rexc4 33. Rxc4 Rxc4 34. Rd7 Be3 35. Rd3 Bb6 36. Rd2 Kg7 37. Kg2 Re4 38. Rc2 f6 39. Rd2 Kg6 40. Kf1 h5 41. gxh5+ Kxh5 42. Rd6 Kg6 43. Rd5 Ra4 44. Rd2 Ra3 45. Kg2 Bc7 46. Rc2 Bf4 47. Kf2 a5 48. Kg2 a4 49. Kf2 f5 50. Rc6+ Kh5 51. Rc2 g4 52. hxg4+ fxg4 53. Nd2 Kh4 54. Kg2 Rg3+ 55. Kh1 Be3 56. Ne4 Rg1+ 57. Kh2 g3+ 58. Nxg3 Rxg3 59. Rc8 Rh3+ 60. Kg2 Rg3+ 61. Kh2 Rg4 62. Rh8+ Kg5 63. Kh3 Rc4 64. Ra8 Bc1 65. Kg3 a3 66. Ra5+ Kf6 67. Kf3 Rc2 68. e4 Rxa2 69. Rc5 Bb2 0-1

[Event "Titled Tuesday intern op 25th Feb Early"]
[Site "Chess.com INT"]
[Date "2025.02.25"]
[Round "3"]
[White "Cattaneo, Marco"]
[Black "Le, Tuan Minh"]
[Result "1-0"]
[WhiteElo "2288"]
[BlackElo "2598"]
[PlyCount "77"]
[EventDate "2025.02.25"]
[EventType "swiss (blitz)"]
[EventRounds "11"]
[EventCountry "USA"]
[SourceTitle "CB10_2025"]
[SourceDate "2025.03.05"]
[SourceVersion "1"]
[SourceVersionDate "2025.03.05"]
[SourceQuality "1"]

1. e4 e5 2. Nf3 Nc6 3. Be2 Nf6 4. d3 Bc5 5. c3 0-0 6. b4 Bd6 7. 0-0 Re8 8. Nbd2 Bf8 9. Qc2 a6 10. Re1 d5 11. Bf1 h6 12. Bb2 Bg4 13. a3 dxe4 14. dxe4 Qc8 15. h3 Bh5 16. c4 Nd7 17. c5 a5 18. Qb3 axb4 19. axb4 Rxa1 20. Rxa1 Nd8 21. Nc4 Bxf3 22. Qxf3 b6 23. cxb6 cxb6 24. Rc1 Qb8 25. Qb3 Ne6 26. Ne3 Nd4 27. Bxd4 exd4 28. Nf5 Rxe4 29. Bc4 Ne5 30. Bd5 Rf4 31. Nxh6+ Kh8 32. Nxf7+ Nxf7 33. Bxf7 d3 34. Be6 d2 35. Rd1 Bxb4 36. Qe3 Bc5 37. Qe2 g6 38. Qxd2 Rxf2 39. Qh6# 1-0

[Event "FIN-chT 2425"]
[Site "Finland"]
[Date "2024.09.08"]
[Round "2.2"]
[White "Cattaneo, Marco"]
[Black "Nyysti, Sampsa"]
[Result "0-1"]
[WhiteElo "2303"]
[BlackElo "2339"]
[PlyCount "90"]
[EventDate "2024.09.06"]
[EventType "team-tourn"]
[EventRounds "11"]
[EventCountry "FIN"]
[SourceTitle "EXT 2025"]
[Source "ChessBase"]
[SourceDate "2024.10.14"]
[SourceVersion "1"]
[SourceVersionDate "2024.10.14"]
[SourceQuality "1"]
[WhiteTeam "Helsinki HSK"]
[BlackTeam "Helsinki HSC"]
[WhiteTeamCountry "FIN"]
[BlackTeamCountry "FIN"]

1. d4 Nf6 2. Nf3 e6 3. c4 d5 4. Nc3 Bb4 5. Qa4+ Nc6 6. a3 Bxc3+ 7. bxc3 0-0 8. Bf4 Bd7 9. Qc2 Na5 10. cxd5 exd5 11. e3 Re8 12. Bd3 c5 13. Bg5 h6 14. Bh7+ Kf8 15. Bh4 Bb5 16. Rb1 Ba6 17. Bd3 Nc4 18. Bxc4 Bxc4 19. Bxf6 Qxf6 20. Ne5 Rxe5 21. dxe5 Qxe5 22. Rxb7 Re8 23. Kd1 Kg8 24. Kc1 a5 25. h4 Qf6 26. Rh3 Qc6 27. Qb2 d4 28. Rb8 Rxb8 29. Qxb8+ Kh7 30. Rg3 Qe6 31. Qb1+ d3 32. Kd2 g6 33. Rf3 Kg7 34. Qb8 Ba6 35. Kc1 Qa2 36. Qb2 d2+ 37. Qxd2 Qa1+ 38. Kc2 Bc4 39. Qc1 Bb3+ 40. Kd2 Qa2+ 41. Kd3 Bc4+ 42. Ke4 Qb3 43. Rg3 f5+ 44. Kf4 Qb8+ 45. Kf3 Qb7+ 0-1

[Event "Titled Tuesday intern op 03rd Sep Early"]
[Site "Chess.com INT"]
[Date "2024.09.03"]
[Round "6"]
[White "Degenbaev, Aziz"]
[Black "Cattaneo, Marco"]
[Result "1-0"]
[WhiteElo "2275"]
[BlackElo "2303"]
[PlyCount "81"]
[EventDate "2024.09.03"]
[EventType "swiss (blitz)"]
[EventRounds "11"]
[EventCountry "USA"]
[SourceTitle "EXT 2025"]
[Source "ChessBase"]
[SourceDate "2024.10.14"]
[SourceVersion "1"]
[SourceVersionDate "2024.10.14"]
[SourceQuality "1"]

1. e4 g6 2. d4 Bg7 3. Nc3 c6 4. f3 d5 5. e5 f6 6. exf6 Nxf6 7. Bg5 a5 8. Qd2 0-0 9. 0-0-0 b5 10. h4 Nbd7 11. Bd3 Nb6 12. Bh6 Nc4 13. Bxc4 bxc4 14. h5 Nxh5 15. g4 Nf6 16. Bxg7 Kxg7 17. Qh6+ Kg8 18. Nh3 Rf7 19. Ng5 Rg7 20. Ne2 Rb8 21. c3 Qc7 22. Rd2 e5 23. Qh4 Bd7 24. Ne6 Bxe6 25. Qxf6 Re7 26. dxe5 Rf8 27. Qg5 Rxf3 28. Nf4 Bf7 29. Re2 d4 30. Qf6 dxc3 31. Rxh7 cxb2+ 32. Kxb2 c3+ 33. Kc2 Bb3+ 34. axb3 Rxh7 35. Qxg6+ Rg7 36. Qe4 Rg3 37. Ne6 Qf7 38. Nxg7 Kxg7 39. e6 Qe7 40. Qe5+ Qf6 41. Qxg3 1-0

[Event "Titled Tuesday intern op 03rd Sep Early"]
[Site "Chess.com INT"]
[Date "2024.09.03"]
[Round "8"]
[White "Goltseva, Ekaterina"]
[Black "Cattaneo, Marco"]
[Result "1/2-1/2"]
[WhiteElo "2378"]
[BlackElo "2303"]
[PlyCount "149"]
[EventDate "2024.09.03"]
[EventType "swiss (blitz)"]
[EventRounds "11"]
[EventCountry "USA"]
[SourceTitle "EXT 2025"]
[Source "ChessBase"]
[SourceDate "2024.10.14"]
[SourceVersion "1"]
[SourceVersionDate "2024.10.14"]
[SourceQuality "1"]

1. e4 Nf6 2. e5 Nd5 3. c4 Nb6 4. d4 d6 5. exd6 exd6 6. Nc3 Nc6 7. Nf3 Be7 8. Be2 0-0 9. 0-0 Bg4 10. b3 Bf6 11. Be3 d5 12. c5 Nc8 13. h3 Bxf3 14. Bxf3 N8e7 15. Qd3 g6 16. a3 Nf5 17. Nxd5 Bxd4 18. Bxd4 Ncxd4 19. Rad1 c6 20. Nf4 Qg5 21. Ne2 Rad8 22. Nxd4 Rxd4 23. Qc3 Rfd8 24. b4 Nh4 25. Rxd4 Rxd4 26. Re1 Rd8 27. a4 a5 28. bxa5 Nxf3+ 29. Qxf3 Qxc5 30. Qf6 Rf8 31. Re5 Qd4 32. Qe7 Qxa4 33. Kh2 Qf4+ 34. Kg1 Qc1+ 35. Kh2 Qf4+ 36. Kg1 h5 37. g3 Qc1+ 38. Kg2 Qb2 39. h4 Qb3 40. Kh2 Ra8 41. Qd6 Qa2 42. Kg2 Qc4 43. Qd7 Qb3 44. Qe7 Qa2 45. Qc7 Qb3 46. Qd6 Qa4 47. Qc7 Qb3 48. Re7 Qd5+ 49. Kg1 Qxa5 50. Rxf7 Qxc7 51. Rxc7 Rb8 52. Kf1 Kf8 53. Ke2 Kg8 54. Kd3 Rd8+ 55. Kc4 Rd2 56. Rxb7 Rxf2 57. Kc5 Rf3 58. Kxc6 Rxg3 59. Kd5 Rf3 60. Ke4 Rf7 61. Rb6 Kg7 62. Ke3 Kh6 63. Ke4 Rf1 64. Ke3 Rg1 65. Rb4 Rg4 66. Rxg4 hxg4 67. Kf4 Kh5 68. Kg3 g5 69. hxg5 Kxg5 70. Kg2 Kf4 71. Kf2 g3+ 72. Kg2 Kg4 73. Kg1 Kf4 74. Kg2 Kf5 75. Kxg3 1/2-1/2

[Event "Titled Tuesday intern op 03rd Sep Early"]
[Site "Chess.com INT"]
[Date "2024.09.03"]
[Round "2"]
[White "Sahib, Singh"]
[Black "Cattaneo, Marco"]
[Result "1-0"]
[WhiteElo "2438"]
[BlackElo "2303"]
[PlyCount "71"]
[EventDate "2024.09.03"]
[EventType "swiss (blitz)"]
[EventRounds "11"]
[EventCountry "USA"]
[SourceTitle "EXT 2025"]
[Source "ChessBase"]
[SourceDate "2024.10.14"]
[SourceVersion "1"]
[SourceVersionDate "2024.10.14"]
[SourceQuality "1"]

1. e4 g6 2. d4 Bg7 3. Nc3 c6 4. Be3 d5 5. Qd2 dxe4 6. Nxe4 Nd7 7. Nf3 Ngf6 8. Bd3 Ng4 9. 0-0 Nxe3 10. fxe3 0-0 11. Rf2 c5 12. c3 cxd4 13. exd4 e5 14. Bc4 exd4 15. cxd4 Nb6 16. Bb3 Bf5 17. Ng3 Be6 18. Bxe6 fxe6 19. Re1 Qd5 20. b3 Rad8 21. Rd1 Rd7 22. Qe1 e5 23. Ne2 e4 24. Nc3 Qf5 25. Qxe4 Qxe4 26. Nxe4 Nd5 27. Nc5 Re7 28. Ne5 Rxf2 29. Kxf2 Bxe5 30. dxe5 Rxe5 31. Nxb7 Nc3 32. Rd8+ Kg7 33. a4 Re2+ 34. Kf3 Rb2 35. Nc5 Nd1 36. Rxd1 1-0

[Event "Titled Tuesday intern op 23rd Jul Early"]
[Site "Chess.com INT"]
[Date "2024.07.23"]
[Round "2"]
[White "Cattaneo, Marco"]
[Black "Kostiukov, Alexandr"]
[Result "1-0"]
[WhiteElo "2314"]
[BlackElo "2271"]
[PlyCount "83"]
[EventDate "2024.07.23"]
[EventType "swiss (blitz)"]
[EventRounds "11"]
[EventCountry "USA"]
[SourceTitle "EXT 2025"]
[Source "ChessBase"]
[SourceDate "2024.10.14"]
[SourceVersion "1"]
[SourceVersionDate "2024.10.14"]
[SourceQuality "1"]

1. e4 c5 2. d3 g6 3. g3 Bg7 4. Bg2 Nc6 5. f4 e6 6. Nf3 Nge7 7. 0-0 0-0 8. c3 d5 9. e5 f6 10. exf6 Bxf6 11. Re1 b6 12. Na3 Bd7 13. Nc2 Qc7 14. Ne3 Rae8 15. Ng4 Bg7 16. Bd2 Nf5 17. Nge5 Bc8 18. a3 Re7 19. b4 Nxe5 20. Nxe5 Bxe5 21. Rxe5 Ref7 22. Rb1 cxb4 23. axb4 h5 24. Ra1 Nh6 25. Bh3 Rf6 26. Qe2 Kh7 27. Rc1 Qd6 28. Be3 Nf5 29. Bf2 R8f7 30. Bg2 Nh6 31. Bf3 Kg7 32. Bd4 Nf5 33. Bf2 Qc7 34. c4 dxc4 35. Rxc4 Qd7 36. Bc6 Qd6 37. Qe4 Bd7 38. Bxd7 Qxd7 39. Rc6 Qe7 40. Rexe6 Rxe6 41. Rxe6 Qxb4 42. Qxb4 1-0

[Event "Titled Tuesday intern op 23rd Jul Early"]
[Site "Chess.com INT"]
[Date "2024.07.23"]
[Round "4"]
[White "Cattaneo, Marco"]
[Black "Larina, Marija"]
[Result "1-0"]
[WhiteElo "2314"]
[BlackElo "1969"]
[PlyCount "73"]
[EventDate "2024.07.23"]
[EventType "swiss (blitz)"]
[EventRounds "11"]
[EventCountry "USA"]
[SourceTitle "EXT 2025"]
[Source "ChessBase"]
[SourceDate "2024.10.14"]
[SourceVersion "1"]
[SourceVersionDate "2024.10.14"]
[SourceQuality "1"]

1. e4 c6 2. Nf3 d5 3. d3 Bg4 4. h3 Bxf3 5. Qxf3 e6 6. g3 g6 7. Bg2 Bg7 8. Nd2 Ne7 9. h4 h5 10. 0-0 Nd7 11. Qe2 0-0 12. Nf3 Nf6 13. Bg5 Ng4 14. Bh3 Qc7 15. c3 a5 16. e5 Nxe5 17. Nxe5 f6 18. Bxe6+ Kh7 19. Nd7 fxg5 20. Nxf8+ Rxf8 21. hxg5 Nf5 22. Rae1 a4 23. a3 h4 24. Bxf5 Rxf5 25. Qg4 Qd8 26. Qxh4+ Kg8 27. f4 d4 28. c4 b5 29. cxb5 cxb5 30. Re2 Rf8 31. Rfe1 Qd5 32. Qg4 Qb3 33. Qe6+ Qxe6 34. Rxe6 Rc8 35. Re8+ Rxe8 36. Rxe8+ Kf7 37. Rb8 1-0

[Event "Titled Tuesday intern op 23rd Jul Early"]
[Site "Chess.com INT"]
[Date "2024.07.23"]
[Round "11"]
[White "Cattaneo, Marco"]
[Black "Lorenzo de la Riva, Lazaro"]
[Result "1-0"]
[WhiteElo "2314"]
[BlackElo "2419"]
[PlyCount "57"]
[EventDate "2024.07.23"]
[EventType "swiss (blitz)"]
[EventRounds "11"]
[EventCountry "USA"]
[SourceTitle "EXT 2025"]
[Source "ChessBase"]
[SourceDate "2024.10.14"]
[SourceVersion "1"]
[SourceVersionDate "2024.10.14"]
[SourceQuality "1"]

1. e4 g6 2. g3 Bg7 3. Bg2 c5 4. d3 Nc6 5. f4 Rb8 6. Nf3 b5 7. 0-0 d6 8. h3 h5 9. Nc3 e6 10. Ne2 Nge7 11. Rb1 b4 12. Be3 e5 13. a4 bxa3 14. bxa3 Rxb1 15. Qxb1 0-0 16. f5 gxf5 17. Nh4 f4 18. gxf4 exf4 19. Nxf4 Nf5 20. Nxf5 Bxf5 21. exf5 Ne5 22. Nxh5 Qh4 23. Qd1 Kh7 24. Rf4 Qd8 25. Nxg7 Kxg7 26. f6+ Kg8 27. Qh5 Ng6 28. Qh6 Nxf4 29. Qg7# 1-0

[Event "Titled Tuesday intern op 23rd Jul Early"]
[Site "Chess.com INT"]
[Date "2024.07.23"]
[Round "5"]
[White "Cattaneo, Marco"]
[Black "Weisz, Bryan"]
[Result "0-1"]
[WhiteElo "2314"]
[BlackElo "2004"]
[PlyCount "50"]
[EventDate "2024.07.23"]
[EventType "swiss (blitz)"]
[EventRounds "11"]
[EventCountry "USA"]
[SourceTitle "EXT 2025"]
[Source "ChessBase"]
[SourceDate "2024.10.14"]
[SourceVersion "1"]
[SourceVersionDate "2024.10.14"]
[SourceQuality "1"]

1. e4 c6 2. Nf3 d5 3. d3 e5 4. exd5 Bg4 5. h3 Bh5 6. g4 Bg6 7. Nxe5 Qxd5 8. Qe2 Bb4+ 9. Nc3 Ne7 10. Rg1 Bxc3+ 11. bxc3 Nd7 12. Bf4 0-0-0 13. Nc4 Nb6 14. Bg2 Qc5 15. Be3 Qb5 16. a4 Nxa4 17. Bxa7 Nd5 18. Rxa4 Qxa4 19. Bb6 Qa1+ 20. Kd2 Qxc3+ 21. Kc1 Nxb6 22. Nxb6+ Kc7 23. Nc4 Ra8 24. Qe5+ Qxe5 25. Nxe5 Ra1+ 0-1

[Event "Titled Tuesday intern op 23rd Jul Early"]
[Site "Chess.com INT"]
[Date "2024.07.23"]
[Round "3"]
[White "Eljanov, Pavel"]
[Black "Cattaneo, Marco"]
[Result "1-0"]
[WhiteElo "2672"]
[BlackElo "2314"]
[PlyCount "87"]
[EventDate "2024.07.23"]
[EventType "swiss (blitz)"]
[EventRounds "11"]
[EventCountry "USA"]
[SourceTitle "EXT 2025"]
[Source "ChessBase"]
[SourceDate "2024.10.14"]
[SourceVersion "1"]
[SourceVersionDate "2024.10.14"]
[SourceQuality "1"]

1. d4 g6 2. h4 Nf6 3. c4 Bg7 4. Nc3 d6 5. e4 e5 6. d5 a5 7. Be2 h5 8. Nf3 Na6 9. Bg5 Nc5 10. Nd2 c6 11. a3 a4 12. Be3 Qa5 13. Bxc5 dxc5 14. 0-0 0-0 15. Qc2 Bd7 16. Rfd1 cxd5 17. Nxd5 Nxd5 18. cxd5 Rfc8 19. Nc4 Qc7 20. d6 Qc6 21. Rd5 Be6 22. Nxe5 Bxe5 23. Rxe5 Qxd6 24. Rg5 c4 25. e5 Qd4 26. Rxg6+ fxg6 27. Qxg6+ Kf8 28. Qh6+ Ke7 29. Qf6+ Kd7 30. Rd1 Qxd1+ 31. Bxd1 c3 32. bxc3 Rxc3 33. Bxh5 Rxa3 34. Bf7 Ra1+ 35. Kh2 Ra6 36. Bxe6+ Rxe6 37. Qf7+ Re7 38. Qd5+ Kc8 39. Qc5+ Rc7 40. Qf8+ Kd7 41. Qd6+ Kc8 42. e6 Kb8 43. Qe5 Rd1 44. e7 1-0

[Event "Titled Tuesday intern op 07th May Early"]
[Site "Chess.com INT"]
[Date "2024.05.07"]
[Round "7"]
[White "Antunes, Luciano Justi"]
[Black "Cattaneo, Marco"]
[Result "0-1"]
[WhiteElo "2045"]
[BlackElo "2316"]
[PlyCount "104"]
[EventDate "2024.05.07"]
[EventType "swiss (blitz)"]
[EventRounds "11"]
[EventCountry "USA"]
[SourceTitle "EXT 2025"]
[Source "ChessBase"]
[SourceDate "2024.10.14"]
[SourceVersion "1"]
[SourceVersionDate "2024.10.14"]
[SourceQuality "1"]

1. e4 Nf6 2. e5 Nd5 3. d4 d6 4. c4 Nb6 5. exd6 exd6 6. Be3 Nc6 7. Nc3 Be7 8. Be2 0-0 9. Nf3 Bg4 10. b3 Bf6 11. h3 Bxf3 12. Bxf3 Bg5 13. Bxg5 Qxg5 14. 0-0 Rfe8 15. a4 a5 16. Nb5 Re7 17. Ra2 Rae8 18. Re2 Rxe2 19. Bxe2 Qe7 20. Bf3 Nb4 21. d5 Qd8 22. Qd2 Nd7 23. Re1 Rxe1+ 24. Qxe1 g6 25. Qe3 Nc5 26. Bd1 c6 27. dxc6 bxc6 28. Nd4 Kg7 29. Nf3 Qf6 30. Qd4 Qxd4 31. Nxd4 Kf6 32. f4 d5 33. cxd5 cxd5 34. Kf2 Ne6 35. Ke3 Nc5 36. g4 g5 37. fxg5+ Kxg5 38. Nf3+ Kf6 39. Kd4 Ne6+ 40. Ke3 Ke7 41. Nd4 Kd6 42. Nf5+ Ke5 43. Bf3 d4+ 44. Kd2 Nc5 45. Bd1 Ne4+ 46. Ke1 d3 47. Ne3 Kd4 48. Nf5+ Kc3 49. Nh6 f6 50. Nf5 Nc2+ 51. Kf1 Ne3+ 52. Nxe3 Kd2 0-1

[Event "Titled Tuesday intern op 07th May Early"]
[Site "Chess.com INT"]
[Date "2024.05.07"]
[Round "2"]
[White "Cattaneo, Marco"]
[Black "Jimenez Fernandez, Rebeca"]
[Result "1-0"]
[WhiteElo "2316"]
[BlackElo "2094"]
[PlyCount "59"]
[EventDate "2024.05.07"]
[EventType "swiss (blitz)"]
[EventRounds "11"]
[EventCountry "USA"]
[SourceTitle "EXT 2025"]
[Source "ChessBase"]
[SourceDate "2024.10.14"]
[SourceVersion "1"]
[SourceVersionDate "2024.10.14"]
[SourceQuality "1"]

1. e4 c5 2. d3 Nc6 3. g3 g6 4. Bg2 Bg7 5. f4 d6 6. Nf3 Nf6 7. 0-0 0-0 8. h3 Rb8 9. g4 b5 10. Nc3 b4 11. Ne2 Bb7 12. Be3 a5 13. Rb1 a4 14. b3 axb3 15. axb3 Ra8 16. Qe1 Ra2 17. Rc1 Qa5 18. f5 Ra8 19. Nf4 Nd7 20. Nd5 Nb6 21. fxg6 hxg6 22. Ng5 Nxd5 23. exd5 Ne5 24. Qh4 Qa3 25. Qh7+ Kf8 26. Ne6+ Ke8 27. Qxg7 fxe6 28. dxe6 Kd8 29. Rf8+ Kc7 30. Qxe7+ 1-0

[Event "Titled Tuesday intern op 07th May Early"]
[Site "Chess.com INT"]
[Date "2024.05.07"]
[Round "4"]
[White "Cattaneo, Marco"]
[Black "Kozlov, Denis1"]
[Result "1-0"]
[WhiteElo "2316"]
[BlackElo "2093"]
[PlyCount "61"]
[EventDate "2024.05.07"]
[EventType "swiss (blitz)"]
[EventRounds "11"]
[EventCountry "USA"]
[SourceTitle "EXT 2025"]
[Source "ChessBase"]
[SourceDate "2024.10.14"]
[SourceVersion "1"]
[SourceVersionDate "2024.10.14"]
[SourceQuality "1"]

1. e4 c6 2. Nf3 d5 3. d3 Nf6 4. e5 Nfd7 5. d4 e6 6. Bd3 c5 7. c3 Nc6 8. 0-0 Qb6 9. Bc2 Be7 10. a3 h6 11. Re1 g5 12. h3 Rg8 13. b4 cxd4 14. cxd4 h5 15. Be3 g4 16. hxg4 hxg4 17. Nh2 g3 18. fxg3 a5 19. b5 Qxb5 20. Nc3 Qa6 21. Bd3 Qa7 22. Nb5 Qb8 23. Qf3 Nd8 24. Ng4 b6 25. Rf1 Ba6 26. Rac1 Bxb5 27. Bxb5 Qb7 28. Nf6+ Bxf6 29. Qxf6 Rc8 30. Bg5 Nc6 31. Bxc6 1-0

[Event "Titled Tuesday intern op 20th Feb Early"]
[Site "Chess.com INT"]
[Date "2024.02.20"]
[Round "2"]
[White "Bardyk, Artem"]
[Black "Cattaneo, Marco"]
[Result "1-0"]
[WhiteElo "2192"]
[BlackElo "2262"]
[PlyCount "171"]
[EventDate "2024.02.20"]
[EventType "swiss (blitz)"]
[EventRounds "11"]
[EventCountry "USA"]
[SourceTitle "EXT 2025"]
[Source "ChessBase"]
[SourceDate "2024.10.14"]
[SourceVersion "1"]
[SourceVersionDate "2024.10.14"]
[SourceQuality "1"]

1. e4 g6 2. d4 Bg7 3. Nc3 c6 4. h4 d5 5. exd5 cxd5 6. h5 Nc6 7. Be3 Nh6 8. Nf3 Bg4 9. hxg6 hxg6 10. Be2 Nf5 11. Rxh8+ Bxh8 12. Qd2 Bxf3 13. Bxf3 e6 14. Ne2 Qb6 15. 0-0-0 Nxe3 16. fxe3 0-0-0 17. Kb1 Kb8 18. c3 Bg7 19. Nf4 Na5 20. Nd3 Nc4 21. Qe2 Bh6 22. e4 dxe4 23. Bxe4 Qb5 24. Bf3 a5 25. Ne5 Na3+ 26. Ka1 Qxe2 27. Bxe2 Nc2+ 28. Kb1 Ne3 29. Rh1 Bf4 30. Nxf7 Rf8 31. Rh8 Rxh8 32. Nxh8 Nxg2 33. Nxg6 Bd6 34. Bg4 Nf4 35. Nxf4 Bxf4 36. Bxe6 Kc7 37. Kc2 Kd6 38. Bg4 b6 39. Kd3 Bc1 40. Kc2 Be3 41. b3 Bf2 42. Kd3 Be1 43. Kc4 Bd2 44. b4 axb4 45. cxb4 Be1 46. Bf3 Bd2 47. a4 Be1 48. Bb7 Kc7 49. Bf3 Kd6 50. Ba8 Kc7 51. d5 Bd2 52. Kb5 Bc3 53. Bc6 Kb8 54. Kxb6 Bxb4 55. Bd7 Bd2 56. Kc6 Be3 57. d6 Bf4 58. Bg4 Ka7 59. Be2 Bg5 60. Kd7 Kb7 61. Bb5 Kb6 62. Be2 Ka5 63. Bd1 Kb6 64. Ke6 Kb7 65. Be2 Kc6 66. Bb5+ Kb6 67. Kd7 Kb7 68. Ke8 Kb6 69. d7 Kc7 70. Bd3 Bh4 71. Be2 Bg5 72. Bf1 Bh4 73. Bd3 Bg5 74. a5 Bh4 75. a6 Bg5 76. Be4 Kb6 77. Bb7 Kc7 78. Bc8 Kb6 79. d8Q+ Bxd8 80. Kxd8 Ka7 81. Kc7 Ka8 82. Kb6 Kb8 83. Bh3 Ka8 84. Bf5 Kb8 85. a7+ Ka8 86. Be4# 1-0

[Event "Titled Tuesday intern op 20th Feb Early"]
[Site "Chess.com INT"]
[Date "2024.02.20"]
[Round "6"]
[White "Cattaneo, Marco"]
[Black "Mikhailovsky, Vladimir"]
[Result "0-1"]
[WhiteElo "2262"]
[BlackElo "2215"]
[PlyCount "74"]
[EventDate "2024.02.20"]
[EventType "swiss (blitz)"]
[EventRounds "11"]
[EventCountry "USA"]
[SourceTitle "EXT 2025"]
[Source "ChessBase"]
[SourceDate "2024.10.14"]
[SourceVersion "1"]
[SourceVersionDate "2024.10.14"]
[SourceQuality "1"]

1. e4 e5 2. Nc3 Nf6 3. g3 d5 4. exd5 c6 5. Bg2 cxd5 6. d4 e4 7. Bg5 Nc6 8. Nge2 Be7 9. Qd2 h6 10. Bxf6 Bxf6 11. Nf4 Be6 12. Nxe6 fxe6 13. Ne2 0-0 14. c3 Bg5 15. Qd1 Qb6 16. Qb3 Qa6 17. Rd1 Rf7 18. Bf1 Na5 19. Qc2 Raf8 20. Nf4 Qd6 21. Nh3 Bd8 22. Bg2 g5 23. 0-0 e5 24. dxe5 Qxe5 25. Qe2 Bb6 26. Kh1 Nc6 27. Rd2 Qe6 28. Rfd1 Ne5 29. Rxd5 Ng4 30. Bxe4 Rxf2 31. Nxf2 Nxf2+ 32. Kg2 Qh3+ 33. Kg1 Nxe4+ 34. Kh1 Nf2+ 35. Kg1 Nxd1+ 36. Kh1 Rf1+ 37. Qxf1 Qxf1# 0-1

[Event "Titled Tuesday intern op 23rd Jan Early"]
[Site "Chess.com INT"]
[Date "2024.01.23"]
[Round "7"]
[White "Begunov, Konstantin"]
[Black "Cattaneo, Marco"]
[Result "1/2-1/2"]
[WhiteElo "2325"]
[BlackElo "2262"]
[PlyCount "131"]
[EventDate "2024.01.23"]
[EventType "swiss (blitz)"]
[EventRounds "11"]
[EventCountry "USA"]
[SourceTitle "EXT 2025"]
[Source "ChessBase"]
[SourceDate "2024.10.14"]
[SourceVersion "1"]
[SourceVersionDate "2024.10.14"]
[SourceQuality "1"]

1. d4 g6 2. c4 Bg7 3. Nc3 d6 4. e4 c5 5. Nge2 Nc6 6. Be3 Qb6 7. Nd5 Qa5+ 8. Bd2 Qd8 9. Bc3 e6 10. dxc5 Bxc3+ 11. Ndxc3 dxc5 12. Qxd8+ Kxd8 13. 0-0-0+ Bd7 14. f4 Nf6 15. h3 e5 16. Nd5 Nxe4 17. Re1 Re8 18. fxe5 Rxe5 19. Nef4 Ng3 20. Rxe5 Nxe5 21. Rg1 Bf5 22. Kd2 g5 23. Nd3 Nxc4+ 24. Kc3 Nd6 25. Ne5 b5 26. Bd3 b4+ 27. Kc2 Bxd3+ 28. Kxd3 f6 29. Nc4 Nge4 30. Re1 f5 31. Nxd6 Nxd6 32. Re7 Rc8 33. Rxh7 c4+ 34. Kc2 a5 35. Rg7 Rc5 36. Rg8+ Kd7 37. Nb6+ Kc6 38. Na4 Re5 39. Rxg5 Re2+ 40. Kd1 Rf2 41. h4 Ne4 42. Rg6+ Kd5 43. h5 c3 44. bxc3 bxc3 45. Nxc3+ Nxc3+ 46. Ke1 Rb2 47. h6 Rb8 48. h7 Rh8 49. Rh6 Ke5 50. a3 Ne4 51. Ke2 Nf6 52. Kd3 Rxh7 53. Rxh7 Nxh7 54. Kc4 Nf6 55. Kb5 Nd5 56. Kxa5 Nc3 57. Kb4 Nd5+ 58. Kc5 Nc7 59. a4 Ke4 60. a5 Kf4 61. Kc6 Na6 62. Kb6 Nb4 63. Kc5 Na6+ 64. Kb6 Nb8 65. Kc7 Na6+ 66. Kb6 1/2-1/2

[Event "Titled Tuesday intern op 19th Dec Late"]
[Site "Chess.com INT"]
[Date "2023.12.19"]
[Round "3"]
[White "Cattaneo, Marco"]
[Black "Khokhlova, Daria"]
[Result "1-0"]
[WhiteElo "2280"]
[BlackElo "2127"]
[PlyCount "121"]
[EventDate "2023.12.19"]
[EventType "swiss (blitz)"]
[EventRounds "11"]
[EventCountry "USA"]
[SourceTitle "EXT 2025"]
[Source "ChessBase"]
[SourceDate "2024.10.14"]
[SourceVersion "1"]
[SourceVersionDate "2024.10.14"]
[SourceQuality "1"]

1. e4 c5 2. d3 Nc6 3. g3 g6 4. Bg2 Bg7 5. f4 d6 6. Nf3 Bg4 7. h3 Bxf3 8. Qxf3 Nd4 9. Qf2 e6 10. c3 Nc6 11. 0-0 Nge7 12. Na3 0-0 13. Be3 Rb8 14. Nc2 b5 15. d4 cxd4 16. cxd4 d5 17. e5 Nf5 18. Rfc1 Re8 19. Bf1 Qb6 20. Rd1 Rec8 21. Bc1 Na5 22. g4 Ne7 23. b3 Qc7 24. Bd3 f6 25. Bd2 Nac6 26. Rac1 Qb6 27. Rf1 Rf8 28. Qe3 fxe5 29. fxe5 Rxf1+ 30. Rxf1 Rf8 31. Rxf8+ Bxf8 32. Kg2 a5 33. Be1 Nc8 34. Bh4 a4 35. Bf6 axb3 36. axb3 Na5 37. h4 Qc6 38. b4 Nc4 39. Qe2 N8b6 40. h5 Qe8 41. hxg6 hxg6 42. Qf3 Qf7 43. Qh3 Bg7 44. g5 Nd7 45. Be2 Nf8 46. Bg4 Qd7 47. Ne1 Nd2 48. Nd3 Ne4 49. Nc5 Nxc5 50. bxc5 b4 51. Qb3 Qb5 52. Kf2 Qc4 53. Qxc4 dxc4 54. c6 b3 55. Bd1 b2 56. Bc2 Kf7 57. c7 Bxf6 58. gxf6 Nd7 59. c8Q Nf8 60. Qxc4 g5 61. Qc7+ 1-0